[Event "Florianopolis op 10th"]
[Site "Florianopolis"]
[Date "2024.01.21"]
[Round "2"]
[White "Ferreira, Carlos Eduardo"]
[Black "Santos, Nathaly Camily Ferr"]
[Result "1-0"]
[WhiteElo "1568"]
[BlackElo "1167"]
[PlyCount "57"]
[EventDate "2024.01.20"]
[EventType "swiss"]
[EventRounds "10"]
[EventCountry "BRA"]
[SourceTitle "CB05_2024"]
[SourceDate "2024.01.31"]
[SourceVersion "1"]
[SourceVersionDate "2024.01.31"]
[SourceQuality "1"]

1. e4 c5 2. Nf3 Nc6 3. d4 cxd4 4. Nxd4 Nf6 5. Nc3 e6 6. Bg5 Be7 7. Be2 a6 8. 0-0 d5 9. exd5 exd5 10. Re1 0-0 11. Bf3 Bc5 12. Nb3 Be7 13. Bxf6 Bxf6 14. Bxd5 Nb4 15. Be4 Qc7 16. Qf3 a5 17. a3 Na6 18. Qh5 h6 19. Nd5 Qd6 20. Nxf6+ Qxf6 21. c3 Re8 22. Qxa5 Rb8 23. Bh7+ Kf8 24. Rxe8+ Kxe8 25. Re1+ Be6 26. Bf5 Rd8 27. Bxe6 fxe6 28. Nd4 Rd5 29. Qxd5 1-0

[Event "Florianopolis op-B 04"]
[Site "Florianopolis"]
[Date "2023.05.01"]
[Round "6"]
[White "Ferreira, Carlos Eduardo"]
[Black "Do Amaral e Silva, Larissa Blue"]
[Result "1-0"]
[WhiteElo "1562"]
[BlackElo "1377"]
[PlyCount "119"]
[EventDate "2023.04.28"]
[EventType "swiss"]
[EventRounds "6"]
[EventCountry "BRA"]
[SourceTitle "CBM 214 Extra"]
[Source "ChessBase"]
[SourceDate "2023.07.31"]
[SourceVersion "1"]
[SourceVersionDate "2023.07.31"]
[SourceQuality "1"]

1. e4 e5 2. Nc3 Nf6 3. f4 d5 4. fxe5 Nxe4 5. Nf3 Bg4 6. d4 Bb4 7. Qd3 Nc6 8. Be2 Bxf3 9. Bxf3 0-0 10. 0-0 Nxd4 11. Nxe4 Nxf3+ 12. Qxf3 dxe4 13. Qxe4 Bc5+ 14. Kh1 c6 15. Qg4 Qd4 16. Qf5 Be7 17. c3 Qc4 18. Bf4 Qe6 19. Qc2 Rad8 20. Rae1 Rd5 21. c4 Rc5 22. b3 b5 23. Re4 bxc4 24. bxc4 Rb8 25. Qe2 Ra5 26. Rd1 h6 27. h3 Ba3 28. Red4 Rb2 29. Rd8+ Kh7 30. Qd3+ Qg6 31. Qg3 Rxa2 32. R8d6 Bxd6 33. exd6 Ra1 34. d7 Qf6 35. Qd3+ g6 36. Bc7 Rxd1+ 37. Qxd1 Ra1 38. Qxa1 Qxa1+ 39. Kh2 Qc1 40. d8Q Qxc4 41. Qe7 Qe6 42. Qxe6 fxe6 43. Be5 a5 44. Kg3 g5 45. Kf3 Kg6 46. g4 a4 47. Ke4 a3 48. Kd4 h5 49. Kc5 hxg4 50. hxg4 Kf7 51. Kxc6 Ke7 52. Kc7 Ke8 53. Kd6 Kf7 54. Kd7 a2 55. Ba1 Kf8 56. Kxe6 Kg8 57. Kf6 Kf8 58. Kxg5 Kf7 59. Kh6 Kg8 60. g5 1-0

[Event "Florianopolis op-B 04"]
[Site "Florianopolis"]
[Date "2023.04.30"]
[Round "4"]
[White "Ferreira, Carlos Eduardo"]
[Black "Da Costa, Michael David"]
[Result "1/2-1/2"]
[WhiteElo "1562"]
[BlackElo "1386"]
[PlyCount "90"]
[EventDate "2023.04.28"]
[EventType "swiss"]
[EventRounds "6"]
[EventCountry "BRA"]
[SourceTitle "CBM 214 Extra"]
[Source "ChessBase"]
[SourceDate "2023.07.31"]
[SourceVersion "1"]
[SourceVersionDate "2023.07.31"]
[SourceQuality "1"]

1. e4 c6 2. d4 d5 3. exd5 cxd5 4. Bd3 Nf6 5. h3 Nc6 6. c3 e6 7. Nf3 Be7 8. 0-0 0-0 9. Re1 a6 10. a4 Na5 11. Nbd2 Bd7 12. Ne5 Rc8 13. Ndf3 Nc4 14. Qe2 Nd6 15. Bg5 Nfe4 16. Nxd7 Qxd7 17. Ne5 Qd8 18. Bxe7 Qxe7 19. c4 Nf6 20. c5 Nde8 21. b4 Nd7 22. b5 Nxe5 23. Qxe5 a5 24. Qxd5 Nf6 25. Qb3 Qd7 26. Rad1 Nd5 27. Bb1 Rfd8 28. Qd3 Nf6 29. Re3 g6 30. Ba2 Nd5 31. Bxd5 Qxd5 32. Re5 Qxe5 33. dxe5 Rxd3 34. Rxd3 Rxc5 35. Rd7 Rc4 36. Rxb7 Rxa4 37. b6 Rb4 38. Ra7 Rxb6 39. Rxa5 Rb2 40. f3 Kg7 41. Ra7 Re2 42. Ra5 Rb2 43. Kh2 Kg8 44. Kg3 Kg7 45. h4 h5 1/2-1/2

[Event "Florianopolis op 9th"]
[Site "Florianopolis"]
[Date "2023.01.25"]
[Round "4"]
[White "Ferreira, Carlos Eduardo"]
[Black "Favaretto, Felipe Della Preve"]
[Result "0-1"]
[WhiteElo "1585"]
[BlackElo "1207"]
[PlyCount "84"]
[EventDate "2023.01.23"]
[EventType "swiss"]
[EventRounds "10"]
[EventCountry "BRA"]
[SourceTitle "CBM 212 Extra"]
[Source "ChessBase"]
[SourceDate "2023.03.31"]
[SourceVersion "1"]
[SourceVersionDate "2023.03.31"]
[SourceQuality "1"]

1. e4 c6 2. d4 d5 3. e5 Bf5 4. Bd3 Bxd3 5. Qxd3 e6 6. Nf3 Nd7 7. a4 Ne7 8. a5 Nf5 9. 0-0 Be7 10. Re1 0-0 11. Nbd2 c5 12. c3 c4 13. Qb1 b6 14. Nf1 bxa5 15. Qa2 Qb6 16. Qxa5 Rab8 17. Qa4 Qb5 18. Qc2 h6 19. Rb1 Qb3 20. Qe2 Qa2 21. Be3 Ba3 22. Qc2 Rxb2 23. Rxb2 Qxb2 24. Re2 Qxc2 25. Rxc2 Nxe3 26. Nxe3 Rb8 27. Kf1 Rb2 28. Ke2 Rxc2+ 29. Nxc2 Bb2 30. Kd2 Nb6 31. Ng1 a5 32. f4 Kh7 33. Ne2 Kg6 34. g3 Kf5 35. Ne3+ Ke4 36. Nd1 Na4 37. Ng1 Kf5 38. h4 Kg6 39. g4 h5 40. g5 Kf5 41. Kc2 Ba3 42. Nf2 Kxf4 0-1

[Event "Florianopolis Winter op 6th"]
[Site "Florianopolis"]
[Date "2022.07.16"]
[Round "8"]
[White "Ferreira, Carlos Eduardo"]
[Black "Kim, Andre"]
[Result "1-0"]
[WhiteElo "1622"]
[BlackElo "1158"]
[PlyCount "99"]
[EventDate "2022.07.13"]
[EventType "swiss"]
[EventRounds "9"]
[EventCountry "BRA"]
[SourceTitle "CBM 209 Extra"]
[Source "ChessBase"]
[SourceDate "2022.09.30"]
[SourceVersion "1"]
[SourceVersionDate "2022.09.30"]
[SourceQuality "1"]

1. e4 e5 2. Nc3 Nc6 3. Bc4 Nf6 4. a3 Bc5 5. Nf3 0-0 6. d3 h6 7. 0-0 d6 8. Na4 Bb6 9. Nxb6 axb6 10. c3 Bg4 11. Be3 Re8 12. Qd2 Bxf3 13. gxf3 Qd7 14. Kg2 d5 15. Bb3 dxe4 16. fxe4 Qg4+ 17. Kh1 Qf3+ 18. Kg1 Rad8 19. Bd1 Qh3 20. Qe2 Rd6 21. Kh1 Kh7 22. Rg1 Red8 23. Rg3 Qe6 24. Bc2 g6 25. Rag1 Nh5 26. Rg4 Qf6 27. Qd2 Qg7 28. Rh4 Qf6 29. Rhg4 Rh8 30. Bxh6 Kg8 31. Bd1 Ng7 32. Bg5 Qe6 33. f3 Qd7 34. Be2 Ne6 35. Qe3 Nxg5 36. Qxg5 Rh5 37. Qxh5 Qe6 38. Qh6 Qf6 39. h4 Qh8 40. Qg5 Kf8 41. R1g2 Ke8 42. Rh2 Kd7 43. h5 gxh5 44. Rxh5 Qf6 45. Qf5+ Ke7 46. f4 exf4 47. Rxf4 Qxf5 48. Rhxf5 f6 49. d4 Re6 50. d5 1-0

[Event "Florianopolis Winter op 6th"]
[Site "Florianopolis"]
[Date "2022.07.16"]
[Round "7"]
[White "Ferreira, Carlos Eduardo"]
[Black "Liebl, Livia"]
[Result "0-1"]
[WhiteElo "1622"]
[BlackElo "1517"]
[PlyCount "66"]
[EventDate "2022.07.13"]
[EventType "swiss"]
[EventRounds "9"]
[EventCountry "BRA"]
[SourceTitle "CBM 209 Extra"]
[Source "ChessBase"]
[SourceDate "2022.09.30"]
[SourceVersion "1"]
[SourceVersionDate "2022.09.30"]
[SourceQuality "1"]

1. e4 c5 2. Nc3 Nc6 3. Bc4 e6 4. Nf3 a6 5. a4 Nf6 6. d3 d5 7. Bb3 h6 8. 0-0 Be7 9. Re1 d4 10. Ne2 Na5 11. Ne5 Nxb3 12. cxb3 Qc7 13. f4 Rb8 14. Qc2 Qd8 15. Bd2 0-0 16. Rf1 Bd7 17. Ng3 Rc8 18. Qd1 b5 19. Nh5 Nxh5 20. Qxh5 bxa4 21. f5 exf5 22. exf5 axb3 23. Rxa6 Bb5 24. Rxh6 gxh6 25. Bxh6 Bf6 26. Ng4 Bxd3 27. Bc1 Bxf1 28. Nh6+ Kg7 29. Nxf7 Rxf7 30. Bh6+ Kg8 31. Qg6+ Bg7 32. Bg5 Qd5 33. Kxf1 Qxf5+ 0-1

[Event "Florianopolis Winter op 6th"]
[Site "Florianopolis"]
[Date "2022.07.14"]
[Round "4"]
[White "Ferreira, Carlos Eduardo"]
[Black "Ribeiro, Regina"]
[Result "0-1"]
[WhiteElo "1622"]
[BlackElo "1855"]
[PlyCount "100"]
[EventDate "2022.07.13"]
[EventType "swiss"]
[EventRounds "9"]
[EventCountry "BRA"]
[SourceTitle "CBM 209 Extra"]
[Source "ChessBase"]
[SourceDate "2022.09.30"]
[SourceVersion "1"]
[SourceVersionDate "2022.09.30"]
[SourceQuality "1"]

1. e4 c6 2. d4 d5 3. exd5 cxd5 4. Bd3 Nc6 5. c3 Nf6 6. Nf3 Bg4 7. Qe2 Qc7 8. Bg5 e6 9. Nbd2 Bd6 10. Nf1 Bh5 11. Ne3 0-0-0 12. Qc2 Bg6 13. 0-0-0 Kb8 14. Kb1 Rc8 15. Rc1 Bxd3 16. Qxd3 Ne4 17. Rhf1 h6 18. Bh4 f5 19. Ne1 g5 20. f3 gxh4 21. fxe4 fxe4 22. Qd1 Qg7 23. h3 Rhf8 24. N1c2 Rxf1 25. Qxf1 Rf8 26. Qe2 Ne7 27. Rf1 Nf5 28. Nxf5 Rxf5 29. Ne3 Rxf1+ 30. Qxf1 Qg3 31. Qe2 Bf4 32. Nd1 a6 33. a4 Bg5 34. Kc2 Qf4 35. Nf2 Qc1+ 36. Kb3 Qg1 37. Ng4 h5 38. Ne5 Ka7 39. Nd7 e3 40. Kc2 Bf4 41. Nc5 e5 42. Nd3 Qa1 43. dxe5 Qxa4+ 44. Kb1 Qe4 45. e6 Bd6 46. Kc2 Qxe6 47. Ne1 Qf5+ 48. Kc1 Qf2 49. Kd1 Bg3 50. Nf3 Bf4 0-1

[Event "Florianopolis Winter op 6th"]
[Site "Florianopolis"]
[Date "2022.07.13"]
[Round "2"]
[White "Dos Santos, Gabriel Conte"]
[Black "Ferreira, Carlos Eduardo"]
[Result "0-1"]
[WhiteElo "1573"]
[BlackElo "1622"]
[PlyCount "70"]
[EventDate "2022.07.13"]
[EventType "swiss"]
[EventRounds "9"]
[EventCountry "BRA"]
[SourceTitle "CBM 209 Extra"]
[Source "ChessBase"]
[SourceDate "2022.09.30"]
[SourceVersion "1"]
[SourceVersionDate "2022.09.30"]
[SourceQuality "1"]

1. d4 d5 2. c4 e6 3. Nc3 Nf6 4. Bg5 Be7 5. Nf3 c5 6. dxc5 Nc6 7. cxd5 exd5 8. e4 dxe4 9. Qxd8+ Bxd8 10. Nd2 0-0 11. Bc4 Ne5 12. 0-0 Nxc4 13. Nxc4 Bf5 14. Nd6 Bg6 15. Nxb7 Be7 16. Nd5 Nxd5 17. Bxe7 Nxe7 18. Rad1 Nc6 19. Rd6 Rfc8 20. a4 Rab8 21. Rd7 Bf5 22. Rd5 Be6 23. Rd6 Rxb7 24. Rfd1 g6 25. b4 Rxb4 26. a5 Nxa5 27. Ra1 Rxc5 28. Rd8+ Kg7 29. Ra8 Rcb5 30. h3 Nc6 31. Ra6 Rb6 32. Rxb6 axb6 33. Ra6 Bc4 34. Ra1 b5 35. f3 e3 0-1

[Event "Florianopolis op 8th"]
[Site "Florianopolis"]
[Date "2022.01.27"]
[Round "6"]
[White "Velasquez Joves, Rolando Jose"]
[Black "Ferreira, Carlos Eduardo"]
[Result "1-0"]
[WhiteElo "1904"]
[BlackElo "1686"]
[PlyCount "61"]
[EventDate "2022.01.24"]
[EventType "swiss"]
[EventRounds "10"]
[EventCountry "BRA"]
[SourceTitle "CBM 206 Extra"]
[Source "ChessBase"]
[SourceDate "2022.03.31"]
[SourceVersion "1"]
[SourceVersionDate "2022.03.31"]
[SourceQuality "1"]

1. d4 d5 2. Bf4 Nf6 3. e3 e6 4. Nf3 c5 5. c3 Nc6 6. Bd3 Bd6 7. Bg3 0-0 8. Ne5 Qc7 9. f4 Ne4 10. Nd2 f5 11. Bh4 Nxe5 12. fxe5 Be7 13. Bxe7 Qxe7 14. 0-0 Bd7 15. Bxe4 fxe4 16. Qe2 c4 17. Rxf8+ Rxf8 18. Rf1 Rxf1+ 19. Nxf1 Ba4 20. Qg4 b5 21. Ng3 a5 22. a3 Kf7 23. Nh5 Kg8 24. Nf4 Kf7 25. Qh5+ Kg8 26. Qh3 Kf7 27. Qxh7 Bd1 28. Qg6+ Kf8 29. Qxe6 Qxe6 30. Nxe6+ Kf7 31. Nc7 1-0

[Event "Florianopolis op 8th"]
[Site "Florianopolis"]
[Date "2022.01.24"]
[Round "1"]
[White "Ferreira, Carlos Eduardo"]
[Black "Terao, Juliana Sayumi"]
[Result "0-1"]
[WhiteElo "1686"]
[BlackElo "2257"]
[PlyCount "79"]
[EventDate "2022.01.24"]
[EventType "swiss"]
[EventRounds "10"]
[EventCountry "BRA"]
[SourceTitle "CBM 206 Extra"]
[Source "ChessBase"]
[SourceDate "2022.03.31"]
[SourceVersion "1"]
[SourceVersionDate "2022.03.31"]
[SourceQuality "1"]

1. e4 c5 2. Nf3 e6 3. d4 cxd4 4. Nxd4 a6 5. c4 Nf6 6. Nc3 Qc7 7. Nc2 Be7 8. Be2 b6 9. Be3 d6 10. Qd2 Bb7 11. f3 Nbd7 12. Rc1 Rc8 13. 0-0 Qb8 14. Rfd1 0-0 15. Bf4 Ne5 16. b3 Bd8 17. Bg5 Ng6 18. Ne3 Rc6 19. Nf1 Be7 20. Ng3 Rd8 21. Qe1 Rcc8 22. Be3 Bc6 23. a4 h5 24. Bf1 h4 25. Nge2 Re8 26. Qf2 Bd8 27. Bg5 Ng4 28. fxg4 Bxg5 29. Rc2 Ba8 30. Nd4 d5 31. Bd3 Ne5 32. Qe2 Nxd3 33. Qxd3 dxc4 34. bxc4 Rcd8 35. Qe2 Bf4 36. Nf3 Qc7 37. Qe1 Qxc4 38. Rxd8 Rxd8 39. Qxh4 Be3+ 40. Kh1 0-1

[Event "Florianopolis op 7th"]
[Site "Florianopolis"]
[Date "2021.01.24"]
[Round "10"]
[White "Ferreira, Carlos Eduardo"]
[Black "Ribeiro, Fabiano Pinto"]
[Result "0-1"]
[WhiteElo "1646"]
[BlackElo "1830"]
[PlyCount "76"]
[EventDate "2021.01.18"]
[EventType "swiss"]
[EventRounds "10"]
[EventCountry "BRA"]
[SourceTitle "CBM 200 Extra"]
[Source "ChessBase"]
[SourceDate "2021.03.31"]
[SourceVersion "1"]
[SourceVersionDate "2021.03.31"]
[SourceQuality "1"]

1. e4 c5 2. Nf3 d6 3. d4 cxd4 4. Nxd4 Nf6 5. Nc3 a6 6. Bc4 e6 7. a4 Be7 8. 0-0 0-0 9. h3 Nc6 10. Bg5 Qb6 11. Be3 Qc7 12. Ba2 Bd7 13. Qd2 Ne5 14. Qe2 Rac8 15. Rad1 Nc4 16. Bc1 Nb6 17. Bb3 Rfe8 18. Rd3 Rcd8 19. Rfd1 Na8 20. Rg3 Kh8 21. h4 d5 22. e5 Ng8 23. Nf3 f6 24. exf6 Bxf6 25. Bg5 Bc6 26. Bxf6 Nxf6 27. Ne5 Nb6 28. h5 Re7 29. Re1 Nbd7 30. f4 d4 31. Nb1 Ne4 32. Rg6 Nxe5 33. Rxe6 Rxe6 34. Bxe6 d3 35. Qd1 Qb6+ 36. Kh2 Qf2 37. fxe5 Qg3+ 38. Kg1 Nf2 0-1

[Event "Florianopolis op 7th"]
[Site "Florianopolis"]
[Date "2021.01.23"]
[Round "9"]
[White "Tomiello, Mateus Costamilan"]
[Black "Ferreira, Carlos Eduardo"]
[Result "1-0"]
[WhiteElo "1969"]
[BlackElo "1646"]
[PlyCount "65"]
[EventDate "2021.01.18"]
[EventType "swiss"]
[EventRounds "10"]
[EventCountry "BRA"]
[SourceTitle "CBM 200 Extra"]
[Source "ChessBase"]
[SourceDate "2021.03.31"]
[SourceVersion "1"]
[SourceVersionDate "2021.03.31"]
[SourceQuality "1"]

1. d4 d5 2. c4 Nf6 3. cxd5 Nxd5 4. e4 Nf6 5. Nc3 e6 6. Be3 Bb4 7. f3 0-0 8. Nge2 c5 9. dxc5 Qc7 10. Rc1 Nc6 11. a3 Rd8 12. Qc2 Bxc3+ 13. Nxc3 Nd4 14. Bxd4 Rxd4 15. Nb5 Qd8 16. Nxd4 Qxd4 17. Qd2 Qxd2+ 18. Kxd2 Bd7 19. Ke3 Bc6 20. b4 a6 21. Be2 Nd7 22. Rhd1 f6 23. Rd6 Kf7 24. Bc4 Nf8 25. Rcd1 Ke7 26. h4 e5 27. h5 h6 28. Bd5 Ba4 29. Rd2 Rb8 30. Rb6 Nd7 31. Rxb7 Rc8 32. c6 Bxc6 33. Bxc6 1-0

[Event "Florianopolis op 7th"]
[Site "Florianopolis"]
[Date "2021.01.21"]
[Round "6"]
[White "Ichimura G Barbosa, Larissa Yuki"]
[Black "Ferreira, Carlos Eduardo"]
[Result "1-0"]
[WhiteElo "2016"]
[BlackElo "1646"]
[PlyCount "127"]
[EventDate "2021.01.18"]
[EventType "swiss"]
[EventRounds "10"]
[EventCountry "BRA"]
[SourceTitle "CBM 200 Extra"]
[Source "ChessBase"]
[SourceDate "2021.03.31"]
[SourceVersion "1"]
[SourceVersionDate "2021.03.31"]
[SourceQuality "1"]

1. e4 c5 2. Nf3 Nc6 3. d4 cxd4 4. Nxd4 g6 5. c4 Bg7 6. Be3 d6 7. Nc3 a6 8. Be2 Nf6 9. h3 Bd7 10. 0-0 0-0 11. Rc1 Rc8 12. Nb3 Ne5 13. Nd5 Nxe4 14. Bb6 Qe8 15. Nc7 Qd8 16. Nd5 Qe8 17. c5 Bc6 18. Na5 dxc5 19. Bxc5 Nxc5 20. Rxc5 Rd8 21. Qb3 e6 22. Ne3 Qe7 23. Rfc1 Rd2 24. Bxa6 Qf6 25. Rf1 Bxg2 26. Nxg2 Nf3+ 27. Kh1 bxa6 28. Nc4 Rd4 29. Qc3 g5 30. Ne5 Nxe5 31. Qxd4 Rd8 32. Qe3 h6 33. Rc3 Qf5 34. Qg3 Nd3 35. Ra3 Nxb2 36. Ne3 Qe4+ 37. Qg2 Qf4 38. Rxa6 Rd2 39. Qg4 Qc7 40. Qe4 Nd3 41. Ng4 Nf4 42. Ra8+ Rd8 43. Rxd8+ Qxd8 44. Qf3 Qa5 45. h4 Qxa2 46. hxg5 hxg5 47. Rd1 Qa5 48. Ne3 Bf6 49. Ng2 Qf5 50. Nxf4 Qxf4 51. Qxf4 gxf4 52. Kg2 Bc3 53. Kf3 e5 54. Ke4 Bd4 55. f3 Kg7 56. Kf5 f6 57. Rc1 Kf7 58. Rc7+ Ke8 59. Kxf6 e4+ 60. Ke6 Kf8 61. fxe4 Kg8 62. Rf7 Be5 63. Rf5 Bc7 64. e5 1-0

[Event "Florianopolis op 2nd"]
[Site "Florianopolis"]
[Date "2016.01.17"]
[Round "2"]
[White "Borghezan, Laryssa Zanini"]
[Black "Ferreira, Carlos Eduardo"]
[Result "1-0"]
[WhiteElo "1733"]
[BlackElo "1800"]
[PlyCount "45"]
[EventDate "2016.01.16"]
[EventType "swiss"]
[EventRounds "10"]
[EventCountry "BRA"]
[SourceTitle "CBM 170 Extra"]
[Source "ChessBase"]
[SourceDate "2016.02.25"]
[SourceVersion "1"]
[SourceVersionDate "2016.02.25"]
[SourceQuality "1"]

1. e4 c5 2. Nf3 Nc6 3. c3 d5 4. exd5 Qxd5 5. Be2 Nf6 6. d4 e6 7. 0-0 Be7 8. Be3 cxd4 9. Nxd4 Nxd4 10. Bxd4 0-0 11. Nd2 Rd8 12. Qc2 Qd7 13. Nf3 b6 14. Rad1 Qc7 15. Ng5 g6 16. Bf3 Bb7 17. Rfe1 Rac8 18. Be5 Rxd1 19. Qxd1 Bxf3 20. Qxf3 Qc6 21. Re3 Kg7 22. h4 h6 23. Nh3 1-0

[Event "Florianopolis op 2nd"]
[Site "Florianopolis"]
[Date "2016.01.17"]
[Round "3"]
[White "Ferreira, Carlos Eduardo"]
[Black "Da Silva, Antonio Dutra"]
[Result "1-0"]
[WhiteElo "1800"]
[BlackElo "1796"]
[PlyCount "78"]
[EventDate "2016.01.16"]
[EventType "swiss"]
[EventRounds "10"]
[EventCountry "BRA"]
[SourceTitle "CBM 170 Extra"]
[Source "ChessBase"]
[SourceDate "2016.02.25"]
[SourceVersion "1"]
[SourceVersionDate "2016.02.25"]
[SourceQuality "1"]

1. e4 c5 2. Nf3 Nc6 3. Nc3 d6 4. d4 cxd4 5. Nxd4 Nf6 6. f3 a6 7. a4 e5 8. Nb3 Be6 9. Nd5 h6 10. Be3 Bxd5 11. exd5 Ne7 12. c4 g5 13. Bd3 Bg7 14. 0-0 0-0 15. Rc1 Rc8 16. Bb1 Qd7 17. Nd2 Rfe8 18. b3 b5 19. axb5 axb5 20. Re1 Nf5 21. Bf2 Kf8 22. Nf1 Ne7 23. Ng3 Qb7 24. Bf5 Ra8 25. Qc2 Ra6 26. Ra1 Rea8 27. Rab1 Ra2 28. Rb2 Rxb2 29. Qxb2 bxc4 30. Rb1 Rb8 31. Qc3 cxb3 32. Be4 Nexd5 33. Qd3 Qb5 34. Nf5 Qxd3 35. Bxd3 Nc3 36. Rc1 e4 37. fxe4 Ncxe4 38. Nxg7 Nxf2 39. Kxf2 b2 1-0